000 00882nam a2200217Ia 4500
001 2221
005 20260422102823.0
008 260306t2020||||xx |||||||||||||| ||spa||
041 _aESP
082 _a616.12
_bH19
100 _aHampton, John
_eAUT
245 0 _aECG fácil
260 _c2020
300 _axii, 194 páginas :
_c19 cm.
650 _aGEN
654 _aCPS
856 _uhttps://0u216xh8k-y-https-accessmedicina-mhmedical-com.itmsp.museknowledge.com/book.aspx?bookid=3355
_zVéase además: ECG. Plan de estudios básico. Versión digital
856 _uhttps://0u216xh8k-y-https-accessmedicina-mhmedical-com.itmsp.museknowledge.com/
_zVéase además: Base de datos McGraw Hill Access Medicina
856 _uhttps://0u23fxh8v-y-https-www-clinicalkey-com.itmsp.museknowledge.com/student/login
_zVéase además: Base de datos ClinicalKey
942 _cLIB
_dJUS
_fJUS
_2ddc
999 _c2221
_d2221